| 000 | 01013nam a22002657a 4500 | ||
|---|---|---|---|
| 005 | 20140915150909.0 | ||
| 008 | 140915b xxu||||| |||| 00| 0 eng d | ||
| 010 | _aHIN-103487 | ||
| 020 |
_c300.00 _a9789380459059 |
||
| 035 | _aHN-75833 | ||
| 037 | _bDBAD/PUB | ||
| 040 |
_aDPL _bHN |
||
| 082 | _a425 | ||
| 100 |
_924598 _aपाण्डेय, पृथ्वीनाथ |
||
| 245 |
_aआधुनिक हिन्दी व्याकरण / _cपृथ्वीनाथ पाण्डेय |
||
| 246 |
_aAadhunik Hindi Vyakaran _bby Prithvinath Pandey |
||
| 260 |
_aनई दिल्ली _bभारतीय पुस्तक परिषद _c2013 |
||
| 270 |
_bनई दिल्ली _a175-सी पॉकेट-ए, मयूर विहार फेज-2 _e110091 |
||
| 300 |
_a192पृ. _c22सेमी (सजिल्द) |
||
| 650 | _91169 | ||
| 650 | _929580 | ||
| 700 | _924599 | ||
| 700 | _924924 | ||
| 942 |
_2ddc _cHN _mपाण्डेय _h425 |
||
| 999 |
_c88653 _d88653 |
||